Some recollections of a long life (Record no. 114818)
[ view plain ]
| 000 -LEADER | |
|---|---|
| fixed length control field | 00583cam a22001935a 4500 |
| 001 - CONTROL NUMBER | |
| control field | L157521 |
| 008 - FIXED-LENGTH DATA ELEMENTS--GENERAL INFORMATION | |
| fixed length control field | 130109s1893 xxk f 000 0 eng d |
| 035 ## - SYSTEM CONTROL NUMBER | |
| System control number | (Sirsi) u157521 |
| 041 0# - LANGUAGE CODE | |
| Language code of text/sound track or separate title | eng |
| 050 04 - LIBRARY OF CONGRESS CALL NUMBER | |
| Classification number | 920 $2 18 |
| 100 1# - MAIN ENTRY--PERSONAL NAME | |
| Personal name | Sturge, William |
| 245 00 - TITLE STATEMENT | |
| Title | Some recollections of a long life |
| 260 ## - PUBLICATION, DISTRIBUTION, ETC. | |
| Place of publication, distribution, etc. | [Bristol] |
| Name of publisher, distributor, etc. | [s.n.] |
| Date of publication, distribution, etc. | 1893 |
| 300 ## - PHYSICAL DESCRIPTION | |
| Extent | 72p. |
| Dimensions | 19cm. |
| 510 4# - CITATION/REFERENCES NOTE | |
| Name of source | Memoir by William Sturge, who was born in Bristol in August 1820. Inscribed by the author on the half title page. |
| 651 #4 - SUBJECT ADDED ENTRY--GEOGRAPHIC NAME | |
| Geographic name | Great Britain |
| Chronological subdivision | 1707- |
| 690 ## - LOCAL SUBJECT ADDED ENTRY--TOPICAL TERM (OCLC, RLIN) | |
| Topical term or geographic name as entry element | Business and management |
| 942 ## - ADDED ENTRY ELEMENTS (KOHA) | |
| Suppress in OPAC | 0 |
| Withdrawn status | Lost status | Source of classification or shelving scheme | Damaged status | Not for loan | Home library | Current library | Shelving location | Date acquired | Total Checkouts | Full call number | Barcode | Date last seen | Copy number | Price effective from | Koha item type |
|---|---|---|---|---|---|---|---|---|---|---|---|---|---|---|---|
| Dewey Decimal Classification | London | London | Books | 09/01/2013 | 920 STU | 30078732 | 06/08/2019 | 1 | 06/08/2019 | Book |